Early Malay printing in the Straits Settlements by missionaries of the London Missionary Society /
Saved in:
| Main Author: | |
|---|---|
| Format: | Thesis Book |
| Language: | English |
| Published: |
1980
|
| Subjects: | |
| Tags: |
Add Tag
No Tags, Be the first to tag this record!
|
| LEADER | 01222cam a2200325 4500 | ||
|---|---|---|---|
| 001 | u84271 | ||
| 003 | SIRSI | ||
| 008 | 891116s1986 uk ab bv 0 eng | ||
| 035 | |a AAJ-1656 | ||
| 040 | |a UMM | ||
| 043 | |a a-my--- |a a-si--- | ||
| 050 | 1 | |a Z186 | |
| 090 | 0 | 0 | |a Z186 |b M4Ibri |
| 091 | 0 | 0 | |a Microfiche 7947 |
| 100 | 0 | 0 | |a Ibrahim Ismail, |d 1944- |
| 245 | 1 | 0 | |a Early Malay printing in the Straits Settlements by missionaries of the London Missionary Society / |c Ibrahim bin Ismail |
| 260 | |c 1980 | ||
| 300 | |a vii, 98 leaves : |b ill., map ; |c 30cm | ||
| 500 | |a PPZ. | ||
| 500 | |a Microfiche. Kuala Lumpur : University of Malaya Library, 2000. 2 fiches : negative ; 11 x 15 cm. | ||
| 502 | |a Dissertation (M.A.) -- School of Library, Archives and Information Studies, University College London (1980) | ||
| 504 | 0 | 0 | |a Bibliography: leaves 97-98 |
| 610 | 2 | 0 | |a London Missionary Society |
| 650 | 0 | |a Printing |x History |z Melaka | |
| 650 | 0 | |a Printing |x History |z Pulau Pinang | |
| 650 | 0 | |a Printing |x History |z Singapore | |
| 650 | 0 | |a Printing |x History |z Straits Settlements. | |
| 948 | |a 17/03/1991 |b 07/07/2004 | ||
| 596 | |a 1 | ||
| 999 | |a Z186 M4IBRI [F] |w LC |c 1 |i A010638134 |d 30/9/1992 |l STACKS |m P01UTAMA |n 1 |r Y |s Y |t TESIS |u 20/2/1992 | ||
